Statistics for Global Terrorism Index

Click here to take the quiz!

General Stats

  • This quiz has been taken 60,113 times
    (27,110 since last reset)
  • The average score is 14 of 20

Answer Stats

ScoreCountry% Correct
9.746Iraq
97%
8.315Syria
94%
9.391Afghanistan
90%
8.181Pakistan
87%
6.006United States
84%
7.345Egypt
83%
7.568India
81%
6.987Libya
76%
7.534Yemen
76%
7.036Turkey
75%
8.020Somalia
74%
6.178Sudan
72%
8.660Nigeria
70%
6.756South Sudan
63%
7.055D. R. Congo
61%
6.114Kenya
50%
6.719Central African Republic
40%
7.181Philippines
36%
6.252Thailand
30%
6.615Cameroon
29%

Score Distribution

Percentile by Number Answered

Percent of People with Each Score

Your Score History

You have not taken this quiz since the last reset